| 000 | 00954nam a22003017a 4500 | ||
|---|---|---|---|
| 001 | 5889 | ||
| 003 | FISKH | ||
| 005 | 20250130115112.0 | ||
| 008 | 250130b cb ||||| |||| 00| 0 eng d | ||
| 020 | _a9780531212103 | ||
| 040 |
_aFISKH _beng _cFISKH _dFISKH |
||
| 050 | _aHD6509.C48 G74 | ||
| 082 | _a331.88 | ||
| 100 |
_aGregory, Josh _d(1992-) |
||
| 245 |
_aCesar Chavez : _bChavez inspired about 17 million people to boycott grapes in the 1960s / _cJosh Gregory |
||
| 250 | _aThis edition published in 2015 | ||
| 260 |
_aNew York : _bScholastic, _c2015. |
||
| 300 |
_a48 pages : _bcolor illustrations ; _c22 cm |
||
| 490 | _aA true book | ||
| 505 | _aZ | ||
| 520 | _aSee how Cesar Chavez helped improve working conditions and payment for farmworkers in the 1960s. | ||
| 521 | 8 |
_a930
_bLexile |
|
| 521 | 8 |
_aZ
_bRaz-Plus |
|
| 650 |
_2Biography _aAt school |
||
| 650 |
_2History _aInformational |
||
| 942 |
_2ddc _cBK _n0 |
||
| 999 |
_c5889 _d5889 |
||